000 00503nam a2200181Ia 4500
003 OSt
005 20251220115557.0
008 210210b1952 xxu||||| |||| 00| 0 eng d
040 _cAL
041 _akan
082 _a859/2203
100 _aSUBRAYAN (N)
_9158570
_dಸುಬ್ರಯಾನ್ (ಎನ್)
245 _aKuttidonne;
_bಕುಟ್ಟಿದೊಣ್ಣೆ
260 _aMangaluru
_bViveka Sahityamale
_c1952
690 _aKannada Fiction
_9158571
906 _a022915
942 _2ddc
_cBK
999 _c147738
_d147738